المرجعيات الثقافية في التجربة الشعرية العربية : دراسة نقدية لتجربة عدنان الصائغ انموذجاً / (Record no. 33961)
[ view plain ]
| 000 -LEADER | |
|---|---|
| fixed length control field | 00949nam a22002177a 4500 |
| 003 - CONTROL NUMBER IDENTIFIER | |
| control field | JO-AjAnu |
| 005 - DATE AND TIME OF LATEST TRANSACTION | |
| control field | 20250723113224.0 |
| 008 - FIXED-LENGTH DATA ELEMENTS--GENERAL INFORMATION | |
| fixed length control field | 250723b jo ||||| |||| 00| 0 ara d |
| 020 ## - INTERNATIONAL STANDARD BOOK NUMBER | |
| International Standard Book Number | 9789957099176 |
| 040 ## - CATALOGING SOURCE | |
| Original cataloging agency | JO-AjAnu |
| Language of cataloging | ara |
| Transcribing agency | JO-AjAnu |
| Modifying agency | JO-AjAnu |
| Description conventions | rda |
| 041 ## - LANGUAGE CODE | |
| Language code of text/sound track or separate title | ara |
| Language code of original | ara |
| 050 ## - LIBRARY OF CONGRESS CALL NUMBER | |
| Classification number | PJ8042 |
| Item number | 2025 |
| 100 #1 - MAIN ENTRY--PERSONAL NAME | |
| Personal name | عريز، سلطانه محمد رضوان |
| Relator term | مؤلف |
| 9 (RLIN) | 66617 |
| 245 #0 - TITLE STATEMENT | |
| Title | المرجعيات الثقافية في التجربة الشعرية العربية : دراسة نقدية لتجربة عدنان الصائغ انموذجاً / |
| Statement of responsibility, etc. | تأليف سلطانة محمد رضوان غريز |
| 250 ## - EDITION STATEMENT | |
| Edition statement | الطبعة الاولى |
| 260 ## - PUBLICATION, DISTRIBUTION, ETC. | |
| Place of publication, distribution, etc. | عمان : |
| Name of publisher, distributor, etc. | دار ازمنة، |
| Date of publication, distribution, etc. | 2025 |
| 300 ## - PHYSICAL DESCRIPTION | |
| Extent | 319 صفحة |
| 504 ## - BIBLIOGRAPHY, ETC. NOTE | |
| Bibliography, etc. note | يحتوي على قائمة مصادر ومراجع |
| 650 70 - SUBJECT ADDED ENTRY--TOPICAL TERM | |
| Topical term or geographic name entry element | الشعر العربي-المرجعيات-الادب العربي-العصر الحديث |
| 9 (RLIN) | 66618 |
| 942 ## - ADDED ENTRY ELEMENTS (KOHA) | |
| Source of classification or shelving scheme | Library of Congress Classification |
| Koha item type | Books |
| Suppress in OPAC | No |
| Withdrawn status | Lost status | Source of classification or shelving scheme | Damaged status | Not for loan | Home library | Current library | Date acquired | Total Checkouts | Full call number | Barcode | Date last seen | Price effective from | Koha item type |
|---|---|---|---|---|---|---|---|---|---|---|---|---|---|
| Library of Congress Classification | مكتبة جامعة عجلون الوطنية | مكتبة جامعة عجلون الوطنية | 23/07/2025 | PJ8042 2025 | a30251 | 23/07/2025 | 23/07/2025 | Books | |||||
| Library of Congress Classification | مكتبة جامعة عجلون الوطنية | مكتبة جامعة عجلون الوطنية | 23/07/2025 | PJ8042 2025 | a30252 | 23/07/2025 | 23/07/2025 | Books |